000 00614nam a22001937a 4500
003 LK-CoDNM
005 20241015094800.0
008 241015b |||||||| |||| 00| 0 eng d
040 _aLK-CoDNM
_dLK-CoDNM
_eLK-CoDNM
041 _asin
080 _aප්‍ර/න
_b1.a
245 _aනව උදාව 1953
260 _bශ්‍රීරාහුල සාහිතය සමාජයේ
_c1953
300 _a32p. : ill , 18 cm
650 _aප්‍ර/න1.a
650 _aශ්‍රීරාහුල සාහිතය සමාජයේ
650 _aනව උදාව 1953
942 _cBK
999 _c219413
_d219413